The Europa world year book 2012 / (Record no. 76109)

MARC details
000 -LEADER
fixed length control field 00906nam a22002297a 4500
005 - DATE AND TIME OF LATEST TRANSACTION
control field 20130524154218.0
010 ## - LCCN (DPL NO)
LC control number B-524220-223
020 ## - INTERNATIONAL STANDARD BOOK NUMBER
International Standard Book Number 9781857436129 (v.1)
020 ## - INTERNATIONAL STANDARD BOOK NUMBER
International Standard Book Number 9781857436136 (v.2)
020 ## - INTERNATIONAL STANDARD BOOK NUMBER
International Standard Book Number 9781857436112 (set of 2 vols.)
Terms of availability PD 940.00 Rs.79176.20
035 ## - SYSTEM CONTROL NUMBER
System control number B-524220-223
037 ## - SOURCE OF ACQUISITION
Stock number dpl
Source of stock number/acquisition Prakashan Sansthan/Ven
082 ## - DEWEY DECIMAL CLASSIFICATION NUMBER
Classification number 050
245 ## - TITLE STATEMENT
Title The Europa world year book 2012 /
Statement of responsibility, etc edited by Paul Kelly
250 ## - EDITION STATEMENT
Edition statement 53rd ed.
260 ## - PUBLICATION, DISTRIBUTION, ETC. (IMPRINT)
Place of publication, distribution, etc London
Name of publisher, distributor, etc Routledge
Date of publication, distribution, etc 2012
300 ## - PHYSICAL DESCRIPTION
Extent 2v, (xiv, 2570p. ; xiv,2571- 5137p.)
Dimensions 28 cm. (Hb)
500 ## - GENERAL NOTE
General note It includes index
505 ## - FORMATTED CONTENTS NOTE
Formatted contents note v.1-- International organizations; Countries : Afghanistan - Jordan. v.2-- Countries : Kazakhstan - Zimbabwe.
942 ## - ADDED ENTRY ELEMENTS (KOHA)
Source of classification or shelving scheme Dewey Decimal Classification
Item type English Books
Classification part 050
Call number suffix EUR
Holdings
Withdrawn status Lost status Materials specified (bound volume or other part) Not for loan Collection code Home library Current library Date acquired Source of acquisition Cost, normal purchase price Full call number Barcode Copy number Cost, replacement price Koha item type
    V-1 Not For Loan Reference Central Library Central Library 24/05/2013 Prakashan Sansthan/030/29.4.13/160/8.2.13/16.5.13 79176.20 050 EUR B-524220 1 79176.20 English Books
    V-2 Not For Loan Reference Central Library Central Library 24/05/2013 Prakashan Sansthan/030/29.4.13/160/8.2.13/16.5.13 79176.20 050 EUR B-524221 1 79176.20 English Books
    V-1 Not For Loan Reference South Zone Lib (REF) South Zone Lib (REF) 24/05/2013 Prakashan Sansthan/030/29.4.13/160/8.2.13/16.5.13 79176.20 050 EUR B-524222 1 79176.20 English Books
    V-2 Not For Loan Reference South Zone Lib (REF) South Zone Lib (REF) 24/05/2013 Prakashan Sansthan/030/29.4.13/160/8.2.13/16.5.13 79176.20 050 EUR B-524223 1 79176.20 English Books

© Delhi Public Library
Hit Counter
free hit counter